| 000 | 00916nam a2200289 a 4500 | ||
|---|---|---|---|
| 001 | 4728 | ||
| 003 | UkOxU | ||
| 005 | 20211208233938.0 | ||
| 008 | 131223r19301928enk 001 0 eng d | ||
| 020 | _a0415152194 set | ||
| 035 | _aBNB2519.22 | ||
| 040 |
_aBDS _beng _cBD-RjUL |
||
| 041 | _aeng | ||
| 082 | 0 |
_a330.16 _221 |
|
| 100 | 1 |
_aCannan, Edwin, _d1861-1935. _95926 |
|
| 245 | 1 | 0 |
_aWealth : _ba brief explanation of the causes of economic welfare / _cEdwin Cannan. |
| 260 |
_aLondon : _bRoutledge/Thoemmes, _c1914 [Reprinted 1930] |
||
| 300 |
_axxvii, 292 p. ; _c23 cm. |
||
| 490 | 1 |
_aCollected works of Edwin Cannan ; _vv. 5 |
|
| 500 | _aOne of 8 volume set presented in slip case. | ||
| 504 | _aIncludes index. | ||
| 534 |
_pFacsim. of the ed: _cLondon : P.S. King, 1928, _b3rd ed. |
||
| 650 | 0 |
_aEconomics. _914902 |
|
| 650 | 0 |
_aWealth. _914903 |
|
| 650 | 0 |
_aIncome distribution. _914904 |
|
| 942 |
_2ddc _cBK |
||
| 999 |
_c4728 _d4728 |
||